000 00815nam a2200205 a 4500
001 000023454
005 20200930022230.0
008 101208s1995 sp r 000 0 spa d
020 _a8481090441
040 _aDO-SdBNP
_bspa
_cBNPHU
082 _a232.901
_bD776
100 1 _aDrewermann, Eugen
_948329
245 1 0 _aTu nombre es como el sabor de la vida :
_bel relato de la infancia de Jesús según el evangelio de Lucas : una interpretación psicoanalítica /
_cEugen Drewermann ; traducción de José Luis Gil Aristu.
260 _aBarcelona, (España) :
_bGalaxia Gutenberg Círculo de Lectores,
_c1995.
500 _aIncluye notas al pie de páginas
600 1 4 _aJESUCRISTO
_xBIOGRAFÍA
_948330
650 4 _aCristianismo
_xBiografías
_91816
700 1 _aGil Aristu, José Luis
_etr.
_948331
049 _aBNGR
999 _c22950
_d22950